000
00258nam a22001097a 4500
008
180802b xxu||||| |||| 00| 0 eng d
082
_a
813.52
245
_a
Interpersonal and communication skills
_c
GME
260
_c
2006
300
_a
1
_f
CD
942
_2
ddc
_c
MX
999
_c
46706
_d
46706